000 00672nam a2200253Ia 4500
003 OSt
005 20220918220030.0
006 a|||||r|||| 00| 0
007 ta
008 220917b |||||||| |||| 00| 0 eng d
024 _a144,062
037 _cTextual
040 _aARTS
_cARTS
_beng
041 _2eng
_aeng
082 _aY17:1.25, D6
100 _aCrooke W
_9104224
245 0 _aNative races of the Northern India
260 _aLohore
_bSheikh Mabarak Ali
_c1906
300 _axiv, 270p. 32 illus
_ccm.
500 _aBibliography p263-265
650 _aSOCIOLOGY
942 _hY17:1.25, D6
_cTEXL
_2CC
999 _c266976
_d266976